000 00461nam a2200169Ia 4500
005 20250424145131.0
008 231217s9999 xx 000 0 und d
020 _a9780521684545
082 _a621.38224 GOL;1
100 _aGoldsmith, Andrea
245 0 _aWireless communications
260 _c2005
_bCambridge University Press
_aCambridge
300 _axxviii+644
500 _aContent page available
650 _aWireless,communications
942 _cAA
999 _c180136
_d180136